01182nkm a2200361 b 4500001000800000003000900008005001700017007000900034008004000043016001300083017000900096035000600105040002500111082001800136100002600154240004900180245013500229250001300364260004200377300002200419650002100441650002100462650002500483653000900508700003500517700003500552942001200587945003800599952011000637956004000747980001800787999001500805002869 DO-SdBNP20180125133104.0 002869 060721s2001 sp spa 7 a 2BPMSU a b  a  aBPMSUbspacBPMSUe  a823.91 bR69h 4Rowling, J. K., 1965- a Harry potter and the Prisioner of Azkaban.10aHarry Potter y el Prisionero de Azkaban /cJ. K. Rowling ; traducción de Adolfo Muñoz García y Nieves Martín Azofra.h b  38a. ed.  aBarcelona : bSalamandra,c2001e f  a 359 p. ;c22 cm. 2NOVELA INGLESA  2MAGIA - NOVELA  2BRUJERÍA - NOVELA  aCine a Muñoz Garcia, Adolfo etr.  aMartín Azofra, Nieves e tr. 2ddccBK aInventariado extranjero / 2018 VM 00102ddc40708CGaBPMETbBPMETd2016-03-07l0o823.91 R69hpBPMET16030003r2016-03-07w2016-03-07yBK a VMATEOb10c20160708dBPMSUf00069 a a b j c  c9143d9143